Logo Quiz Car Brands - Statistics

General Stats
  • This quiz has been taken 94 times
  • The average score is 26 of 150
Answer Stats
Level Answer % Correct
Ferrari
81%
Level 1 Fiat
81%
Toyota
74%
Audi
73%
Lamborghini
71%
BMW
70%
Ford
70%
Mercedes
70%
Honda
67%
Chevrolet
60%
Hyundai
59%
Nissan
59%
Volkswagen
59%
Porsche
57%
Bugatti
54%
Dodge
49%
Volvo
49%
Aston Martin
46%
Jeep
44%
Lexus
44%
Renault
44%
Tesla
43%
Alfa Romeo
41%
Opel
41%
Level 2 Bentley
40%
Peugeot
40%
Kia
39%
Mitsubishi
39%
Rolls Royce
39%
Cadillac
37%
Citroen
37%
Skoda
37%
Mclaren
36%
Suzuki
36%
Jaguar
34%
Subaru
34%
GMC
33%
Level 3 Mazda
33%
Mini
33%
Land Rover
31%
Maserati
31%
Seat
31%
Infiniti
29%
AC
26%
Acura
26%
Koenigsegg
26%
Buick
24%
Lada
24%
Abarth
23%
Pontiac
23%
Saab
23%
Vauxhall
23%
Corvette
21%
Pagani
21%
Level 7 Holden
19%
Level 5 Mercury
19%
Tata
19%
Daihatsu
17%
Saturn
17%
Scion
17%
Alpine
14%
Dacia
14%
MG
14%
Smart
14%
Daewoo
11%
Lancia
11%
Lotus
11%
Plymouth
9%
Rimac
9%
AMC
7%
Isuzu
7%
Shelby
7%
Apollo
6%
Caterham
6%
DS
6%
Spyker
6%
Geely
4%
Rover
4%
Ssangyong
4%
Zenvo
4%
Level 6 BAC
3%
Cobra
3%
Fisker
3%
Level 4 Gaz
3%
Saleen
3%
Aixam
1%
Alpina
1%
Changan
1%
Eagle
1%
Faw
1%
Level 8 Lifan
1%
Mosler
1%
Noble
1%
Panoz
1%
Perodua
1%
Proton
1%
SSC
1%
Arash
0%
Ariel
0%
Artega
0%
Ascari
0%
Askam
0%
Axon
0%
Baojun
0%
Borgward
0%
Brammo
0%
Caparo
0%
Continental
0%
Elva
0%
Ginetta
0%
Gonow
0%
Great Wall
0%
Gumpert
0%
Hafei
0%
Haima
0%
Hawtai
0%
Hindustan
0%
Horch
0%
Ikco
0%
Isdera
0%
JAC
0%
JBA
0%
JMC
0%
Landwind
0%
Laraki
0%
Lister
0%
Luxgen
0%
Mack
0%
Mastretta
0%
Maxus
0%
Mazzanti
0%
Melkus
0%
Pegaso
0%
Qardner Douglas
0%
Radical
0%
Rambler
0%
Rezvani
0%
Roewe
0%
Rossion
0%
Level 9 Saipa
0%
Spirra
0%
Tauro
0%
Trion
0%
Vector
0%
Vencer
0%
Venturi
0%
Venucia
0%
ZAZ
0%
Zenos
0%
Level 10 Zotye
0%
No matching quizzes found
Score Distribution
Percent of People with Each Score
Percentile by Number Answered
Your Score History
You have not taken this quiz